000 00987nam a2200349Ia 4500
001 9117
003 IT-RoPAU
008 130308s9999 xx 000 0 und d
040 _aIT-RoPAU
040 _cIT-RoPAU
041 _aITALIANO
100 _aMartinet André
100 _gCodice Aut. SPICS: 4100
240 _aLINGUISTIQUE (LA)-GUIDE ALPHABETIQUE
240 _gCodice Tit. Orig. Spics: 280
245 _aLinguistica (La)-Guida alfabetica
245 _bLinguistica (La)-Guida Alfabetica
250 _a1a ed.
260 _aMILANO
260 _bRizzoli
260 _c1972 [1° Ed.:1972 - Ed.Ling.Originale:1969]
300 _a"464 p. (prefazione: no ; testo: 464)"
500 _a51 Voci con le principali nozioni della Linguistica moderna in Ordine Alfabetico
650 _aLINGUISTICA
650 _eCodice materia Spics: 3201
700 _aAA.VV.
700 _gCodice Aut. SPICS: 12000
942 _cBK
957 _71
999 _c65579
_d65579
999 _bSI
999 _g1